| 000 | 00371nam a2200169Ia 4500 | ||
|---|---|---|---|
| 100 | _aGoyal/ Bakishi Godbole | ||
| 650 | _aElectrical Engineering | ||
| 490 | _v1 | ||
| 942 | _cBK | ||
| 654 | _aelectricity | ||
| 245 | _aBasic electricity | ||
| 260 |
_bTech. Publications _aPune _c1996 |
||
| 082 |
_a621.381 _bGOY |
||
| 300 | _a373 | ||
| 546 | _aENGLISH | ||
| 999 |
_c35679 _d35679 |
||